000 00545nam a22001697a 4500
003 MACL
005 20150811184337.0
008 150811b xxu||||| |||| 00| 0 eng d
040 _cMACL
041 _aHindi
082 _a741.642
100 _4242/2
_aप्रेमचंद
_9305
245 _aPopular Stories in easy english/बूढ़ी काकी
260 _aइलाहाबाद
_bकेलाश प्रकाशन मंदिर
_c2001
650 _aचिल्ड्रन बुक्स
_9343
942 _2ddc
_cHIN
999 _c50237
_d50237